000 01645cam a22004334a 4500
001 1306
005 20230926144822.0
020 _a0439841240 (hbk.)
020 _a9780439841245 (hbk.)
020 _a0439841259 (pbk.)
020 _a1415690359 (BWI bound)
020 _a9780439841252
040 _aDLC
_cDLC
_dIG#
_dIMF
_dBAKER
_dP@N
_dHHO
_dDLC
_dDLC
_beng
050 0 0 _aPN6726
_b.G66 2006
082 0 0 _a741.5
_222
100 _aStine, R.L.
_qStine, Robert Lawrence
245 0 0 _aThe werewolf of fever swamp
_cR.L. Stone
250 _aThis edition published by Scholastic Ltd, 2015
260 _aNew York :
_bScholastic,
_c1993.
300 _a139 pages :
_c24 cm.
490 _3Goosebumps
505 0 _aK
505 0 _aThe werewolf of Fever Swamp / adapted & illustrated by Gabriel Hernandez -- The scarecrow walks at midnight / adapted & illustrated by Greg Ruth -- The abominable snowman of Pasadena / adapted & illustrated by Scott Morse.
520 _a"3 goulish graphix tales"--Cover.
521 _a540
_bLexile
521 _aK
_bRaz-Plus
650 1 _aHorror stories.
650 1 _aCartoons and comics.
650 1 _aGraphic novels.
655 0 _aGraphic novels.
700 1 _aStine, R. L.
_tWerewolf of Fever Swamp.
700 1 _aStine, R. L.
_tScarecrow walks at midnight.
700 1 _aStine, R. L.
_tAbominable snowman of Pasadena.
700 1 2 _aHernandez, Gabriel
_q(Hernandez Walta).
_tWerewolf of Fever Swamp.
700 1 2 _aRuth, Greg.
_tScarecrow walks at midnight.
700 1 2 _aMorse, Scott.
_tAbominable snowman of Pasadena.
906 _a7
_bcbc
_corignew
_d1
_eocip
_f20
_gy-gencatlg
942 _2ddc
_cBK
_n0
999 _c1306
_d1306